Bioquímica
Gespeichert in:
| 1. Verfasser: | |
|---|---|
| Weitere Verfasser: | , |
| Format: | Buch |
| Sprache: | Spanisch |
| Veröffentlicht: |
Barcelona, España
Reverté
2008
|
| Ausgabe: | Sexta edición |
| Schlagworte: | |
| Tags: |
Tag hinzufügen
Keine Tags, Fügen Sie den ersten Tag hinzu!
|
MARC
| LEADER | 00000cam a2200000 a 4500 | ||
|---|---|---|---|
| 001 | UCG3475 | ||
| 003 | CL-VaPUC | ||
| 005 | 20210223001826.0 | ||
| 008 | 100902e20080000SP |||||||||||||||||spa|d | ||
| 999 | |c 342543 |d 342541 | ||
| 020 | |a 9788429176001 | ||
| 040 | |c Pontificia Universidad Católica de Valparaíso | ||
| 082 | 0 | 4 | |a 572 BER 2008 |2 21 |
| 100 | 0 | |a Berg, Jeremy Mark |9 552655 | |
| 245 | 1 | 0 | |a Bioquímica |
| 250 | |a Sexta edición | ||
| 260 | 0 | 3 | |a Barcelona, España |b Reverté |c 2008 |
| 300 | |a 1026 páginas | ||
| 583 | |a last modification |c 20130426 04:58:19 |k Rodrigo Vera | ||
| 650 | 0 | |a Bioquímica |9 259492 | |
| 700 | 0 | |a Tymoczko, John L |9 552656 | |
| 700 | 0 | |a Stryer, Lubert |9 552657 | |
| 942 | |c BK |2 ddc | ||
| 945 | |d 20100902 00:00:00 |a mfarfan | ||
| 952 | |0 0 |1 0 |2 ddc |4 0 |6 572_000000000000000_BER_2008 |7 0 |8 A |9 438789 |a BIBCUR |b BIBCUR |d 2019-11-22 |i 4712846 |l 4 |o 572 BER 2008 |p 4712846 |r 2025-04-22 |s 2022-04-27 |t 1 |w 2019-11-22 |y BK |k BIO | ||
| 952 | |0 0 |1 0 |2 ddc |4 0 |6 572_000000000000000_BER_2008 |7 0 |8 A |9 438790 |a BIBCUR |b BIBCUR |d 2019-11-22 |i 4969103 |l 1 |o 572 BER 2008 |p 4969103 |r 2025-04-22 |s 2022-05-02 |t 2 |w 2019-11-22 |y BK |k QUI | ||
| 952 | |0 0 |1 0 |2 ddc |4 0 |6 572_000000000000000_BER_2008 |7 0 |8 A |9 438791 |a BIBCUR |b BIBCUR |d 2019-11-22 |i 4969111 |l 2 |m 2 |o 572 BER 2008 |p 4969111 |r 2025-04-22 |s 2024-05-08 |t 3 |w 2019-11-22 |y BK |k QUI | ||